Nommez une réponse valide - Sport. - Statistiques

Statistiques générales
  • Ce quiz a été pris 10 808 fois
    5 039 depuis la dernière actualisation
  • Le résultat moyen est 11 sur 15
Statistiques - réponses
Question Réponse % Correct
Pays ayant remporté 4 fois la coupe du monde de football masculine. Italie | Allemagne
96%
Une arme utilisée en escrime. Epée | Sabre | Fleuret
95%
Une épreuve disputée lors d'un triathlon. Natation | Cyclisme | Course à pied
95%
L'un des types de saut en athlétisme. Saut en Hauteur | Saut à la Perche | Triple saut | Saut en Longueur
93%
Pilote de formule 1 ayant remporté 7 titres de champion du monde. Lewis Hamilton | Michael Schumacher
91%
Joueur de BasketBall dans le Top 3 des Basketteurs les mieux payé en 2021. LeBron James | Kevin Durant |Stephen Curry
89%
Club de Rugby Français ayant remporté au moins 10 fois le titre en Top 14. Stade Toulousain | Stade Français Paris | AS Béziers
87%
Sport dans le top 3 des plus populaires en Chine. Badminton | Volley Ball | Football
72%
Pays ayant remporté au moins 4 titres mondiaux de Handball féminin. Russie | Norvège
70%
Une des épreuve disputée en ski alpin de compétition. La Descente | Le Super-G | Le Slalom Géant | Slalom | Le Combiné Alpin | Le Parallèle
68%
Année durant laquelle la France a organisé les JO (été ou hiver). 1900 | 1924 | 1968 | 1992 | 2024
65%
Un des agrès en gymnastique. Sol | Arçons | Anneaux | Saut | Barres parallèles | Barre fixe | Poutre | Barres asymétriques | Table de saut
61%
Joueur Français ayant fini meilleur buteur de ligue 1 entre 2000 à 2010. Cissé | Benzema | Gignac
54%
Cycliste Britannique ayant gagné le tour de France. Christopher Froome | Bradley Wiggins | Geraint Thomas
49%
Constructeur ayant remporté au moins 8 titres de champion du monde de rallye automobile. Lancia | Citroën
41%
Aucun quiz correspondant
Distribution des résultats
% des personnes avec chaque résultat
Percentile par nombre de réponses
Votre historique - résultats
Vous n’avez pas pris ce quiz depuis la dernière actualisation